A BRIEF STUDY COURSE IN HOMOEOPATHY (Record no. 20472)

MARC details
000 -LEADER
fixed length control field 00300nam a22001337a 4500
003 - CONTROL NUMBER IDENTIFIER
control field SGT
082 ## - DEWEY DECIMAL CLASSIFICATION NUMBER
Classification number 615.532
Item number B15W
100 ## - MAIN ENTRY--PERSONAL NAME
Personal name WRIGHT, ELIABETH
245 ## - TITLE STATEMENT
Title A BRIEF STUDY COURSE IN HOMOEOPATHY
260 ## - PUBLICATION, DISTRIBUTION, ETC. (IMPRINT)
Place of publication, distribution, etc INDIA
Name of publisher, distributor, etc B.JAIN PUB
Year of Publication 2015
300 ## - PAGE DESCRIPTION
No. of Pages 100
650 ## - SUBJECT ADDED ENTRY--TOPICAL TERM
Topical term or geographic name as entry element HOMOEOPATHHIC
942 ## - ADDED ENTRY ELEMENTS (KOHA)
Source of classification or shelving scheme Dewey Decimal Classification
Koha item type Books
Holdings
Withdrawn status Lost status Source of classification or shelving scheme Damaged status Not for loan Home library Current library Shelving location Date acquired Vendor Name Cost, normal purchase price SGTU Bill Number Total Checkouts Full call number Accession No. (Barcode) Date last seen Bill Date Koha item type
    Dewey Decimal Classification     Homeopathy Library Homeopathy Library Text Book 12/08/2020 B,JAIN PUB 89.00 SGTU 147010   615.532 B15W FH1965 12/08/2020 02/09/2016 Books
    Dewey Decimal Classification     Homeopathy Library Homeopathy Library Text Book 12/08/2020 B,JAIN PUB 89.00 SGTU 147010   615.532 B15W FH1966 12/08/2020 02/09/2016 Books
    Dewey Decimal Classification     Homeopathy Library Homeopathy Library Text Book 12/08/2020 B,JAIN PUB 89.00 SGTU 147010   615.532 B15W FH1967 12/08/2020 02/09/2016 Books
    Dewey Decimal Classification     Homeopathy Library Homeopathy Library Text Book 12/08/2020 B,JAIN PUB 89.00 SGTU 147010   615.532 B15W FH1968 12/08/2020 02/09/2016 Books
    Dewey Decimal Classification     Homeopathy Library Homeopathy Library Text Book 12/08/2020 B,JAIN PUB 89.00 SGTU 147010   615.532 B15W FH1969 12/08/2020 02/09/2016 Books
    Dewey Decimal Classification     Homeopathy Library Homeopathy Library Text Book 12/08/2020 B,JAIN PUB 89.00 SGTU 147010   615.532 B15W FH1970 12/08/2020 02/09/2016 Books
    Dewey Decimal Classification     Homeopathy Library Homeopathy Library Text Book 12/08/2020 B,JAIN PUB 89.00 SGTU 147010   615.532 B15W FH1971 12/08/2020 02/09/2016 Books
    Dewey Decimal Classification     Homeopathy Library Homeopathy Library Text Book 12/08/2020 B,JAIN PUB 89.00 SGTU 147010   615.532 B15W FH1972 12/08/2020 02/09/2016 Books